| 000 | 00920nmm a2200253 a 4500 | ||
|---|---|---|---|
| 001 | ocm000703733 | ||
| 003 | TR-IsHL | ||
| 005 | 20201028141805.0 | ||
| 008 | 131226s1984 tu tur | ||
| 007 | cr cn | ||
| 035 |
_a703733 _b(N$T) |
||
| 050 | 0 | 4 |
_aHT169.T9 _bS86 1984 |
| 090 | 0 | 4 |
_aHT169.T9 _bS86 1984 |
| 100 | 1 | _aSümer, Faruk | |
| 245 | 1 | 0 |
_aEski Türkler'de şehircilik _h[electronic resource] / _cFaruk Sümer |
| 260 |
_aİstanbul : _bTürk Dünyası Araştırmaları Vakfı Yayınları, _c1984 |
||
| 300 | _a135 p. | ||
| 650 | 4 | _aMimarlık ve Tasarım | |
| 650 | 4 | _aArchitecture and Design | |
| 650 | 0 |
_aŞehir planlama _x Asya, Orta _x Tarih |
|
| 650 | 0 |
_aCity planning _x Asia, Central _x History |
|
| 650 | 7 |
_aPOLITICAL SCIENCE / Public Policy / City Planning & Urban Development _2bisacsh |
|
| 856 | 4 | 0 | _uhttp://search.ebscohost.com/login.aspx?direct=true&scope=site&db=e011xww&AN=703733 |
| 999 |
_c8005 _d8005 |
||